[Event "4NCL/Div3/FPONTY vs. SSC"]
[Site "Hinckley Island ENG"]
[Date "2009.03.22"]
[Round "8.3"]
[White "Davis, Lee"]
[Black "Bucher, Grant W"]
[Result "0-1"]
[WhiteElo "1954"]
[BlackElo "1993"]
[PlyCount "50"]
[EventDate "2009.03.22"]
[EventCountry "ENG"]
[SourceDate "2008.10.04"]

1. d4 Nf6 2. g3 g6 3. Bg2 Bg7 4. Nf3 d5 5. c4 O-O 6. cxd5 Nxd5 7. Nc3 c5 8. e4
Nxc3 9. bxc3 Nc6 10. Be3 Bg4 11. e5 Qa5 12. O-O Rad8 13. Qb3 Bxf3 14. Bxf3 cxd4
15. cxd4 Nxd4 16. Bxd4 Rxd4 17. Qxb7 e6 18. Rab1 Bxe5 19. Rb5 Qc7 20. Qa6 Rd6
21. Qa3 Bd4 22. Rc1 Qd8 23. Bb7 Bb6 24. Rbb1 Qe7 25. Qf3 Rd2 0-1

[Event "4NCL/Div3/FPONTY vs. SSC"]
[Site "Hinckley Island ENG"]
[Date "2009.03.22"]
[Round "8.4"]
[White "Tucker, Andrew L"]
[Black "Robinson, David"]
[Result "1-0"]
[WhiteElo "1972"]
[BlackElo "1987"]
[PlyCount "89"]
[EventDate "2009.03.22"]
[EventCountry "ENG"]
[SourceDate "2008.10.04"]

1. e4 d5 2. exd5 Qxd5 3. Nc3 Qa5 4. d4 Nf6 5. Nf3 c6 6. Bc4 Bg4 7. Bd2 e6 8. h3
Qh5 9. Be2 Nbd7 10. Bf4 Bxf3 11. Bxf3 Qf5 12. Bh2 Bb4 13. O-O O-O 14. Qe2 Rfe8
15. Ne4 Nxe4 16. Bxe4 Qa5 17. c3 Bf8 18. a4 Qb6 19. a5 Qb3 20. a6 Nf6 21. Bd3
b5 22. g4 Red8 23. g5 Nd5 24. h4 Rac8 25. h5 Ne7 26. g6 hxg6 27. hxg6 fxg6 28.
Rfe1 Qd5 29. Qxe6+ Qxe6 30. Rxe6 c5 31. Bxb5 cxd4 32. cxd4 Rxd4 33. Bd6 Rg4+
34. Kf1 Nf5 35. Bxf8 Rxf8 36. Ra4 Rg5 37. Bc4 Kh7 38. Ra3 Ng3+ 39. Ke1 Nh5 40.
Rh3 Rb8 41. b3 Rf5 42. Bd3 Rg5 43. f4 Rg3 44. Rxh5+ Kg8 45. Bxg6 1-0

[Event "4NCL/Div3/FPONTY vs. SSC"]
[Site "Hinckley Island ENG"]
[Date "2009.03.22"]
[Round "8.5"]
[White "Perrett, David"]
[Black "Payne, Matthew"]
[Result "1-0"]
[WhiteElo "1960"]
[BlackElo "1865"]
[PlyCount "63"]
[EventDate "2009.03.22"]
[EventCountry "ENG"]
[SourceDate "2008.10.04"]

1. d4 Nf6 2. Bg5 Ne4 3. Bf4 d5 4. Nd2 Nxd2 5. Qxd2 e6 6. Nf3 Nd7 7. e3 Nf6 8.
Bd3 c5 9. c3 Bd7 10. Bg5 h6 11. Bh4 Be7 12. Ne5 O-O 13. O-O b5 14. Rac1 c4 15.
Bb1 g5 16. Bg3 a5 17. Qc2 Kg7 18. Nxd7 Qxd7 19. Be5 Rh8 20. f4 Bd6 21. Qf2 Bxe5
22. fxe5 Ne8 23. e4 Rf8 24. Qe2 Nc7 25. h4 Qe7 26. Rf6 Rh8 27. Rcf1 Rag8 28.
Qh5 Rf8 29. hxg5 Ne8 30. gxh6+ Kg8 31. Qg5+ Kh7 32. exd5# 1-0

[Event "4NCL/Div3/FPONTY vs. SSC"]
[Site "Hinckley Island ENG"]
[Date "2009.03.22"]
[Round "8.6"]
[White "Woods, Tim"]
[Black "Gilbert, Colin"]
[Result "1/2-1/2"]
[WhiteElo "1900"]
[BlackElo "1893"]
[PlyCount "57"]
[EventDate "2009.03.22"]
[EventCountry "ENG"]
[SourceDate "2008.10.04"]

1. e4 c5 2. Nf3 d6 3. d4 cxd4 4. Nxd4 Nf6 5. Nc3 g6 6. Be3 Bg7 7. f3 O-O 8. Qd2
Nc6 9. Bc4 Bd7 10. O-O-O Ne5 11. Bb3 Rc8 12. h4 h5 13. Bg5 Nc4 14. Qe2 Na5 15.
Kb1 Nxb3 16. axb3 Nh7 17. g4 Nxg5 18. hxg5 Rxc3 19. bxc3 Qa5 20. gxh5 Qxc3 21.
Qd2 Qxd2 22. Rxd2 Be5 23. Ne2 Bb5 24. c4 Bc6 25. Nd4 Bd7 26. h6 Kh7 27. Ne2 Bc6
28. Nd4 Bd7 29. Ne2 1/2-1/2

[Event "4NCL/Div3/AMCAR vs. BRI2"]
[Site "Hinckley Island ENG"]
[Date "2009.03.22"]
[Round "8.1"]
[White "Stayt, James N"]
[Black "Bass, John W"]
[Result "1/2-1/2"]
[WhiteElo "2026"]
[BlackElo "2101"]
[PlyCount "52"]
[EventDate "2009.03.22"]
[EventCountry "ENG"]
[SourceDate "2008.10.04"]

1. e4 c5 2. c3 d5 3. exd5 Qxd5 4. d4 e6 5. Nf3 Nf6 6. Be2 Be7 7. O-O cxd4 8.
cxd4 O-O 9. Nc3 Qd6 10. Be3 Nc6 11. a3 b6 12. Rc1 Bb7 13. Nb5 Qd8 14. Ne5 Nxe5
15. dxe5 Nd5 16. Bd2 Qd7 17. Nc3 Rfd8 18. Bf3 Rac8 19. Re1 h6 20. Nxd5 Bxd5 21.
Bc3 Bg5 22. Ra1 Qb7 23. Bxd5 Qxd5 24. Qe2 Qd3 25. Qxd3 Rxd3 26. Rad1 Rcd8
1/2-1/2

[Event "4NCL/Div3/AMCAR vs. BRI2"]
[Site "Hinckley Island ENG"]
[Date "2009.03.22"]
[Round "8.2"]
[White "Hardy, Roger"]
[Black "Sparkes, Daniel A"]
[Result "1/2-1/2"]
[WhiteElo "2024"]
[BlackElo "2000"]
[PlyCount "61"]
[EventDate "2009.03.22"]
[EventCountry "ENG"]
[SourceDate "2008.10.04"]

1. e4 c5 2. Nf3 g6 3. d4 cxd4 4. Nxd4 Nc6 5. c4 Nf6 6. Nc3 d6 7. Nc2 Bg7 8. Be2
Be6 9. Ne3 O-O 10. O-O Qa5 11. Ned5 Rfc8 12. Bd2 Qd8 13. Rc1 Ne5 14. b3 Bxd5
15. exd5 a6 16. Be3 b5 17. f4 Ned7 18. cxb5 Qa5 19. Bd4 axb5 20. b4 Qxb4 21.
Rb1 Qa5 22. Rxb5 Qc7 23. Qd2 Nc5 24. Qb2 Nfd7 25. Bxg7 Kxg7 26. Kh1 Nf6 27. Rb1
Na4 28. Nxa4 Rxa4 29. g3 Qc2 30. Qxc2 Rxc2 31. Bd1 1/2-1/2

[Event "4NCL/Div3/AMCAR vs. BRI2"]
[Site "Hinckley Island ENG"]
[Date "2009.03.22"]
[Round "8.3"]
[White "Tunstall, George"]
[Black "Bennett, Dominic"]
[Result "1-0"]
[WhiteElo "2014"]
[BlackElo "2040"]
[PlyCount "81"]
[EventDate "2009.03.22"]
[EventCountry "ENG"]
[SourceDate "2008.10.04"]

1. d4 Nf6 2. c4 c5 3. d5 b5 4. cxb5 a6 5. bxa6 g6 6. Nc3 Bxa6 7. e4 Bxf1 8.
Kxf1 d6 9. g3 Bg7 10. Kg2 O-O 11. Bd2 Nbd7 12. f4 Qa5 13. Qc2 Rfb8 14. Nge2 Qb4
15. Rab1 e6 16. Rhd1 exd5 17. exd5 Qb7 18. Bc1 Nb6 19. Qd3 c4 20. Qd2 Ra5 21.
b4 Nbxd5 22. Kg1 Nxc3 23. Nxc3 Ra6 24. b5 Rb6 25. a4 Ne4 26. Nxe4 Qxe4 27. Rb4
Bf8 28. Qd5 Qxd5 29. Rxd5 Rc8 30. a5 Rbb8 31. b6 Rc6 32. Kf2 f5 33. Rb1 Kf7 34.
Rdb5 c3 35. a6 c2 36. R1b3 Bg7 37. R5b4 Rcxb6 38. a7 Rxb4 39. axb8=Q Bd4+ 40.
Kf1 Rxb8 41. Rxb8 1-0

[Event "4NCL/Div3/AMCAR vs. BRI2"]
[Site "Hinckley Island ENG"]
[Date "2009.03.22"]
[Round "8.4"]
[White "Humphreys, Jerry"]
[Black "Andreev, Peter"]
[Result "0-1"]
[WhiteElo "2076"]
[BlackElo "1861"]
[PlyCount "78"]
[EventDate "2009.03.22"]
[EventCountry "ENG"]
[SourceDate "2008.10.04"]

1. e4 b6 2. d4 Bb7 3. Nc3 e6 4. f4 Nf6 5. Bd3 c5 6. Nf3 cxd4 7. Nxd4 Nc6 8. Nb3
d5 9. e5 Nd7 10. O-O Nc5 11. Bb5 a6 12. Bxc6+ Bxc6 13. Nd4 Qc7 14. Qe2 Nd7 15.
Be3 Bc5 16. Rae1 b5 17. Nxc6 Bxe3+ 18. Qxe3 Qxc6 19. a3 Nb6 20. Rf3 Nc4 21. Qc1
Qc5+ 22. Kh1 h6 23. f5 exf5 24. Rxf5 O-O 25. Rf3 Rae8 26. Rd3 d4 27. b4 Qa7 28.
Ne2 Rxe5 29. Nxd4 Rfe8 30. Rxe5 Nxe5 31. Qe3 Qb8 32. Rd1 Ng4 33. Qg1 Qf4 34.
Rf1 Qd2 35. Nf5 Re2 36. h3 Nf2+ 37. Kh2 Qf4+ 38. Ng3 h5 39. Re1 h4 0-1

[Event "4NCL/Div3/AMCAR vs. BRI2"]
[Site "Hinckley Island ENG"]
[Date "2009.03.22"]
[Round "8.5"]
[White "Marley, Andrew"]
[Black "White, Martin"]
[Result "1-0"]
[WhiteElo "1805"]
[BlackElo "1980"]
[PlyCount "41"]
[EventDate "2009.03.22"]
[EventCountry "ENG"]
[SourceDate "2008.10.04"]

1. d4 Nf6 2. c4 e6 3. Nf3 Bb4+ 4. Nc3 O-O 5. Bg5 d6 6. e3 Nbd7 7. Bd3 e5 8. O-O
Re8 9. Nd5 Ba5 10. Bf5 c6 11. Bxd7 Bxd7 12. Nxf6+ gxf6 13. Bh4 Kg7 14. Nd2 Bxd2
15. Qxd2 Qc8 16. e4 d5 17. cxd5 cxd5 18. Rac1 Qd8 19. Rc3 Kh8 20. Qh6 Re6 21.
Rg3 1-0

[Event "4NCL/Div3/AMCAR vs. BRI2"]
[Site "Hinckley Island ENG"]
[Date "2009.03.22"]
[Round "8.6"]
[White "May, Michael"]
[Black "Periasamymanjula, Mani"]
[Result "0-1"]
[WhiteElo "1920"]
[BlackElo "1718"]
[PlyCount "52"]
[EventDate "2009.03.22"]
[EventCountry "ENG"]
[SourceDate "2008.10.04"]

1. e4 e5 2. Nf3 Nc6 3. d4 exd4 4. Bc4 Bc5 5. c3 d3 6. Qxd3 d6 7. b4 Bb6 8. a4
a5 9. b5 Nce7 10. Ng5 Nh6 11. O-O Ng6 12. Nf3 Qe7 13. Bg5 f6 14. Bxh6 gxh6 15.
Qd2 Qg7 16. Na3 Bh3 17. Qd5 Ne5 18. Nh4 Nf3+ 19. Kh1 Nxh4 20. Qf7+ Qxf7 21.
Bxf7+ Kxf7 22. gxh3 Rhg8 23. f4 Rg2 24. Nc4 Bc5 25. Rad1 Rag8 26. Nd2 Be3 0-1

[Event "4NCL/Div3/MIN vs. ICENI"]
[Site "Hinckley Island ENG"]
[Date "2009.03.22"]
[Round "8.1"]
[White "Hardman, Michael J"]
[Black "Reynolds, D Ian"]
[Result "1/2-1/2"]
[WhiteElo "2087"]
[BlackElo "2108"]
[PlyCount "39"]
[EventDate "2009.03.22"]
[EventCountry "ENG"]
[SourceDate "2008.10.04"]

1. e4 e5 2. Bc4 Nf6 3. d3 Bc5 4. h3 c6 5. Nf3 d5 6. exd5 cxd5 7. Bb3 Nc6 8. O-O
Be6 9. Nc3 Bb6 10. Re1 Bc7 11. Ng5 O-O 12. Nxe6 fxe6 13. Bg5 Qe8 14. Nb5 Bb8
15. c4 d4 16. c5 a6 17. Nd6 Bxd6 18. cxd6 Qd7 19. f4 Qxd6 20. fxe5 1/2-1/2

[Event "4NCL/Div3/MIN vs. ICENI"]
[Site "Hinckley Island ENG"]
[Date "2009.03.22"]
[Round "8.2"]
[White "Ruthen, Steven"]
[Black "Ackley, Peter"]
[Result "1/2-1/2"]
[WhiteElo "2050"]
[BlackElo "2101"]
[PlyCount "36"]
[EventDate "2009.03.22"]
[EventCountry "ENG"]
[SourceDate "2008.10.04"]

1. c4 g5 2. d4 Bg7 3. Bxg5 c5 4. d5 Bxb2 5. Nd2 d6 6. Rb1 Bg7 7. Ngf3 Nf6 8. e3
Nbd7 9. Bd3 a6 10. a4 Rb8 11. O-O b5 12. Nh4 Ne5 13. Bf5 e6 14. dxe6 fxe6 15.
Bc2 b4 16. Nhf3 Nf7 17. Bh4 Qc7 18. Ne4 Nxe4 1/2-1/2

[Event "4NCL/Div3/MIN vs. ICENI"]
[Site "Hinckley Island ENG"]
[Date "2009.03.22"]
[Round "8.3"]
[White "Hawkins, Nick"]
[Black "Feavyour, John"]
[Result "1/2-1/2"]
[WhiteElo "2031"]
[BlackElo "2073"]
[PlyCount "41"]
[EventDate "2009.03.22"]
[EventCountry "ENG"]
[SourceDate "2008.10.04"]

1. e4 c5 2. Nf3 d6 3. d4 cxd4 4. Nxd4 Nf6 5. Nc3 a6 6. Bg5 Nc6 7. Be2 Qa5 8.
Bxf6 gxf6 9. O-O Rg8 10. Nxc6 bxc6 11. Kh1 Bh6 12. f4 Rb8 13. Rb1 f5 14. Bd3
Bg7 15. Qh5 Bxc3 16. bxc3 Rxb1 17. Rxb1 Qxa2 18. Re1 Qe6 19. Qxh7 Qg6 20. Qxg6
fxg6 21. exf5 1/2-1/2

[Event "4NCL/Div3/MIN vs. ICENI"]
[Site "Hinckley Island ENG"]
[Date "2009.03.22"]
[Round "8.4"]
[White "Donaghay, Richard"]
[Black "Twitchell, Neville H"]
[Result "1-0"]
[WhiteElo "1969"]
[BlackElo "1976"]
[PlyCount "71"]
[EventDate "2009.03.22"]
[EventCountry "ENG"]
[SourceDate "2008.10.04"]

1. e4 c5 2. Nc3 d6 3. f4 Nc6 4. Bb5 Bd7 5. Nf3 a6 6. Be2 b5 7. a4 b4 8. Nd5 e6
9. Ne3 Nf6 10. d3 Be7 11. O-O O-O 12. Qe1 Qc7 13. g4 g6 14. g5 Nh5 15. Nh4 Ng7
16. Ng4 Nd4 17. Bd1 e5 18. Nh6+ Kh8 19. c3 bxc3 20. bxc3 Nc6 21. f5 gxf5 22.
exf5 f6 23. g6 Be8 24. Qg3 Nd8 25. Qh3 d5 26. Ra2 Bd6 27. Rg2 Ra7 28. Nf3 Bxg6
29. fxg6 Nge6 30. Nf7+ Rxf7 31. gxf7 Qxf7 32. Kh1 Nc6 33. Ng5 Nxg5 34. Bxg5 Be7
35. Bh6 Bf8 36. Qc8 1-0

[Event "4NCL/Div3/MIN vs. ICENI"]
[Site "Hinckley Island ENG"]
[Date "2009.03.22"]
[Round "8.5"]
[White "Barr, Gabriel"]
[Black "Szymanski, Mark"]
[Result "0-1"]
[WhiteElo "1820"]
[BlackElo "1985"]
[PlyCount "142"]
[EventDate "2009.03.22"]
[EventCountry "ENG"]
[SourceDate "2008.10.04"]

1. d4 Nf6 2. c4 c5 3. d5 b5 4. cxb5 a6 5. bxa6 g6 6. Nf3 d6 7. Nc3 Bxa6 8. e4
Bxf1 9. Kxf1 Bg7 10. g3 O-O 11. Kg2 Nbd7 12. Qc2 Qa5 13. Rb1 Ng4 14. Bd2 Rfb8
15. b3 Qa3 16. h3 Nge5 17. Nxe5 Bxe5 18. f4 Bg7 19. Rhe1 Rb7 20. Na4 Nb6 21.
Nxb6 Rxb6 22. Bc3 Bxc3 23. Qxc3 Qxa2+ 24. Rb2 Qa3 25. Reb1 Qb4 26. Qc2 Rab8 27.
Rc1 f6 28. Kf3 Kf7 29. Ke2 Qa3 30. Rcb1 Qa6+ 31. Kd2 Rb4 32. Ke3 Qb5 33. Qd3
Qb6 34. Kf3 c4 35. Qc2 cxb3 36. Qc3 Rb7 37. Kg4 Qb5 38. Qc6 Qd3 39. e5 fxe5 40.
Qc8 Qxd5 41. Qc3 Qe6+ 42. Kf3 e4+ 43. Kg2 h5 44. Rf1 e3 45. Re1 Qe4+ 46. Kg1
Rc4 47. Qxe3 Qxe3+ 48. Rxe3 Rc1+ 49. Kf2 Rc2+ 50. Rxc2 bxc2 51. Rc3 Rb2 52. Ke1
Rb1+ 53. Kd2 c1=Q+ 54. Rxc1 Rxc1 55. Kxc1 Ke6 56. Kd2 Kf5 57. Ke3 e5 58. fxe5
Kxe5 59. Kd3 d5 60. Ke3 d4+ 61. Kd3 Kd5 62. Kd2 Ke4 63. g4 hxg4 64. hxg4 g5 65.
Ke2 d3+ 66. Kd2 Kd4 67. Kd1 Ke3 68. Ke1 Kf3 69. Kd2 Kxg4 70. Kxd3 Kf3 71. Kd2
Kf2 0-1

[Event "4NCL/Div3/MIN vs. ICENI"]
[Site "Hinckley Island ENG"]
[Date "2009.03.22"]
[Round "8.6"]
[White "Downham, Alan"]
[Black "Chadwick, Susan E"]
[Result "1-0"]
[WhiteElo "1995"]
[BlackElo "1640"]
[PlyCount "93"]
[EventDate "2009.03.22"]
[EventCountry "ENG"]
[SourceDate "2008.10.04"]

1. d4 d5 2. Nf3 Nf6 3. e3 e6 4. Bd3 Bd6 5. b3 b6 6. Bb2 O-O 7. O-O c6 8. Nbd2
Nbd7 9. Ne5 c5 10. f4 Bb7 11. Qf3 cxd4 12. exd4 Rc8 13. Rae1 Nb8 14. Qh3 Ne4
15. Ndf3 f5 16. Bxe4 dxe4 17. Ng5 h6 18. Nxe6 Qf6 19. Nxf8 Bxf8 20. c3 Rc7 21.
Re3 Nd7 22. Rg3 Nxe5 23. fxe5 Qe6 24. Qxf5 Qxf5 25. Rxf5 Be7 26. Re3 a5 27. Rf1
Bg5 28. Rfe1 Bxe3+ 29. Rxe3 Rf7 30. c4 b5 31. d5 bxc4 32. bxc4 Ba6 33. Rxe4 Rb7
34. Ba3 Rb1+ 35. Kf2 Ra1 36. e6 Rxa2+ 37. Ke1 Rxa3 38. e7 Ra1+ 39. Kf2 Ra2+ 40.
Ke3 Ra3+ 41. Kd4 Bb5 42. cxb5 Ra4+ 43. Kd3 Rxe4 44. Kxe4 Kf7 45. d6 a4 46. Kd3
a3 47. Kc2 1-0

[Event "4NCL/Div3/HAL vs. GUI5"]
[Site "Hinckley Island ENG"]
[Date "2009.03.22"]
[Round "8.1"]
[White "Brockbank, Henry"]
[Black "Shaw, Matthew"]
[Result "1-0"]
[WhiteElo "2103"]
[BlackElo "1925"]
[PlyCount "45"]
[EventDate "2009.03.22"]
[EventCountry "ENG"]
[SourceDate "2008.10.04"]

1. c4 Nf6 2. Nc3 g6 3. e4 d6 4. d4 Bg7 5. Be2 O-O 6. Bg5 Nc6 7. d5 Ne5 8. Qd2
c6 9. Nf3 Nfg4 10. h3 Nxf3+ 11. Bxf3 Ne5 12. Be2 f6 13. Be3 Qa5 14. O-O f5 15.
f4 Nf7 16. exf5 gxf5 17. Bd4 c5 18. Bxg7 Kxg7 19. Bf3 e5 20. dxe6 Bxe6 21. Bd5
Rae8 22. Rae1 Kf6 23. Bxe6 1-0

[Event "4NCL/Div3/HAL vs. GUI5"]
[Site "Hinckley Island ENG"]
[Date "2009.03.22"]
[Round "8.2"]
[White "Deswarte, Ian"]
[Black "Lee, Darren"]
[Result "1-0"]
[WhiteElo "1950"]
[BlackElo "1950"]
[PlyCount "69"]
[EventDate "2009.03.22"]
[EventCountry "ENG"]
[SourceDate "2008.10.04"]

1. e4 c5 2. Nf3 Nc6 3. d4 cxd4 4. Nxd4 Nf6 5. Nc3 e5 6. Ndb5 d6 7. Bg5 a6 8.
Na3 b5 9. Bxf6 gxf6 10. Nd5 f5 11. Bd3 Be6 12. c3 Bg7 13. O-O O-O 14. Qh5 fxe4
15. Bxe4 f5 16. Nf6+ Rxf6 17. Bxc6 Rc8 18. Bb7 Rh6 19. Qd1 Qh4 20. h3 Rf8 21.
Qxd6 Bc4 22. Nxc4 Rxd6 23. Nxd6 Rf6 24. Rad1 h6 25. Rfe1 e4 26. Rd5 Qf4 27. g3
Qf3 28. Re3 Qh5 29. g4 Qg6 30. Nxf5 Kh8 31. Rxe4 Rf7 32. Re8+ Kh7 33. Rd6 Qg5
34. Be4 Bf6 35. Ne7+ 1-0

[Event "4NCL/Div3/HAL vs. GUI5"]
[Site "Hinckley Island ENG"]
[Date "2009.03.22"]
[Round "8.3"]
[White "Asbury, Jon A"]
[Black "Lalic, Peter"]
[Result "0-1"]
[WhiteElo "1865"]
[BlackElo "1905"]
[PlyCount "106"]
[EventDate "2009.03.22"]
[EventCountry "ENG"]
[SourceDate "2008.10.04"]

1. d4 d5 2. c4 c6 3. cxd5 cxd5 4. Nc3 Nf6 5. Bf4 a6 6. e3 Nc6 7. Bd3 Bg4 8. f3
Bh5 9. Nge2 e6 10. O-O Bg6 11. Rc1 Nh5 12. Rf2 Bxd3 13. Qxd3 Nxf4 14. Nxf4 Bd6
15. Nfe2 Rc8 16. e4 dxe4 17. Nxe4 Bb8 18. Qa3 Qe7 19. Qxe7+ Kxe7 20. Rff1 Ba7
21. Kh1 Nxd4 22. Rxc8 Rxc8 23. Rc1 Rxc1+ 24. Nxc1 f5 25. Nc3 g5 26. Nd3 h5 27.
f4 g4 28. g3 Nf3 29. Kg2 Kd6 30. h3 Bd4 31. Ne2 Be3 32. hxg4 hxg4 33. Nc3 Bd4
34. Ne2 Be3 35. Nc3 Bd4 36. Ne2 Bf6 37. Kf2 Nd2 38. b3 Ne4+ 39. Ke3 b5 40. Nb4
a5 41. Nc2 Kd5 42. Ncd4 b4 43. Nc2 Be7 44. Kd3 Nc5+ 45. Ke3 Bd8 46. Nc1 Bb6 47.
Ke2 Ne4 48. Ne3+ Bxe3 49. Kxe3 Nxg3 50. Nd3 Ne4 51. Ne5 Nc3 52. Nc4 Nxa2 53.
Nxa5 Nc1 0-1

[Event "4NCL/Div3/HAL vs. GUI5"]
[Site "Hinckley Island ENG"]
[Date "2009.03.22"]
[Round "8.4"]
[White "Quinn, Joseph"]
[Black "Peck, Windsor W"]
[Result "1-0"]
[WhiteElo "1835"]
[BlackElo "1845"]
[PlyCount "51"]
[EventDate "2009.03.22"]
[EventCountry "ENG"]
[SourceDate "2008.10.04"]

1. e4 e6 2. d4 d5 3. e5 c5 4. c3 Ne7 5. Na3 Nec6 6. Nc2 Nd7 7. Bd3 Qb6 8. Nf3
Be7 9. O-O O-O 10. Ng5 Bxg5 11. Bxg5 c4 12. Be2 a5 13. Bg4 Qc7 14. Na3 Qb6 15.
Rb1 a4 16. Nc2 Qa6 17. f4 Re8 18. Qf3 Qa7 19. Kh1 b5 20. f5 Nf8 21. f6 Rb8 22.
Qh3 b4 23. Bh6 bxc3 24. Bxg7 Nxd4 25. Bxf8 Nf5 26. Bxf5 1-0

[Event "4NCL/Div3/HAL vs. GUI5"]
[Site "Hinckley Island ENG"]
[Date "2009.03.22"]
[Round "8.5"]
[White "Llewelyn, John D"]
[Black "Waldock, Adrian"]
[Result "1/2-1/2"]
[WhiteElo "1815"]
[BlackElo "1925"]
[PlyCount "30"]
[EventDate "2009.03.22"]
[EventCountry "ENG"]
[SourceDate "2008.10.04"]

1. e4 c5 2. Nf3 d6 3. d3 Nc6 4. g3 g6 5. Bg2 Bg7 6. Nbd2 Nf6 7. O-O O-O 8. c3
Bg4 9. h3 Bd7 10. a4 Rb8 11. Nc4 Qc7 12. Ne1 e5 13. f4 Ne8 14. Nf3 Be6 15. Ne3
f6 1/2-1/2

[Event "4NCL/Div3/HAL vs. GUI5"]
[Site "Hinckley Island ENG"]
[Date "2009.03.22"]
[Round "8.6"]
[White "Albrecht, Theo"]
[Black "Pitt, Christopher"]
[Result "0-1"]
[WhiteElo "1840"]
[BlackElo "1780"]
[PlyCount "122"]
[EventDate "2009.03.22"]
[EventCountry "ENG"]
[SourceDate "2008.10.04"]

1. e4 c5 2. d3 d5 3. Nd2 dxe4 4. dxe4 Nf6 5. Ngf3 Nc6 6. Bc4 Bg4 7. c3 e6 8.
O-O Be7 9. Qc2 O-O 10. Re1 Qc7 11. h3 Bh5 12. Be2 Ne5 13. Nxe5 Bxe2 14. Rxe2
Qxe5 15. Nc4 Qc7 16. a4 a6 17. a5 Rad8 18. Be3 Qc6 19. Bf4 Ne8 20. Rd1 Rxd1+
21. Qxd1 Nf6 22. f3 Rd8 23. Rd2 Rxd2 24. Qxd2 Qd7 25. Qxd7 Nxd7 26. e5 Kf8 27.
Kf2 Nb8 28. Ke3 Nc6 29. Kd3 Ke8 30. Be3 Kd8 31. Nd6 Bxd6 32. exd6 Kd7 33. Bxc5
Nxa5 34. f4 b5 35. Bb4 Nb7 36. c4 Nxd6 37. cxb5 axb5 38. Kd4 Kc6 39. b3 f6 40.
g4 Nf7 41. Bf8 g6 42. Bg7 f5 43. g5 Nd6 44. Ke5 Kd7 45. Kf6 Ne8+ 46. Kf7 Nxg7
47. Kxg7 e5 48. Kxh7 e4 49. Kxg6 e3 50. Kh7 e2 51. g6 e1=Q 52. g7 Qh4+ 53. Kg6
Qg3+ 54. Kf6 Ke8 55. h4 Qxh4+ 56. Kg6 Qg3+ 57. Kh7 Qxb3 58. g8=Q+ Qxg8+ 59.
Kxg8 b4 60. Kg7 Ke7 61. Kg6 Ke6 0-1

[Event "4NCL/Div3/WOB vs. OXF3"]
[Site "Hinckley Island ENG"]
[Date "2009.03.22"]
[Round "8.1"]
[White "Harley-Yeo, Gareth"]
[Black "Jeffries, Majid"]
[Result "1/2-1/2"]
[WhiteElo "2044"]
[BlackElo "1997"]
[PlyCount "61"]
[EventDate "2009.03.22"]
[EventCountry "ENG"]
[SourceDate "2008.10.04"]

1. d4 Nf6 2. c4 e6 3. Nc3 Bb4 4. f3 Bxc3+ 5. bxc3 c5 6. e4 Qa5 7. Bd2 d6 8. Bd3
e5 9. Ne2 Nbd7 10. Qb3 O-O 11. Qb5 Qc7 12. d5 h6 13. O-O Nh7 14. Ng3 Ndf6 15.
Rab1 Rb8 16. Qa4 b6 17. h3 Bd7 18. Qb3 Qc8 19. Nf5 Bxf5 20. exf5 Re8 21. Rbe1
Qb7 22. a4 Qd7 23. g4 Ng5 24. Bxg5 hxg5 25. Kg2 Nh7 26. Ra1 Nf6 27. Qc2 Qd8 28.
Rfb1 a5 29. Be4 Nd7 30. Ra2 Qf6 31. Rh1 1/2-1/2

[Event "4NCL/Div3/WOB vs. OXF3"]
[Site "Hinckley Island ENG"]
[Date "2009.03.22"]
[Round "8.2"]
[White "Neatherway, Philip"]
[Black "Kanike, Uday Kumar"]
[Result "0-1"]
[WhiteElo "1960"]
[BlackElo "2050"]
[PlyCount "79"]
[EventDate "2009.03.22"]
[EventCountry "ENG"]
[SourceDate "2008.10.04"]

1. d4 Nf6 2. c4 e6 3. Nf3 c5 4. d5 exd5 5. cxd5 d6 6. Nc3 Bf5 7. e4 Bd7 8. Bd3
a6 9. a4 Be7 10. h3 a5 11. O-O Na6 12. Re1 Nb4 13. Bc4 O-O 14. e5 Ne8 15. Bf4
dxe5 16. Nxe5 Nd6 17. Nxd7 Qxd7 18. Bxd6 Bxd6 19. Nb5 Rad8 20. Qd2 h6 21. Rad1
Rfe8 22. Be2 Qf5 23. Bf3 Rxe1+ 24. Rxe1 Bf4 25. Qc3 b6 26. g3 Bg5 27. d6 Bf6
28. Qe3 g5 29. Bg4 Qc2 30. Re2 Qxa4 31. Qf3 Kg7 32. Nc7 Qd1+ 33. Kg2 Qxd6 34.
Ne8+ Rxe8 35. Rxe8 Bxb2 36. Qe2 Bd4 37. Bh5 Nd5 38. Bf3 a4 39. Ra8 Be5 40. Rxa4
0-1

[Event "4NCL/Div3/WOB vs. OXF3"]
[Site "Hinckley Island ENG"]
[Date "2009.03.22"]
[Round "8.3"]
[White "Zhu, Yao Yao"]
[Black "Terry, Sean"]
[Result "0-1"]
[WhiteElo "1997"]
[BlackElo "1870"]
[PlyCount "62"]
[EventDate "2009.03.22"]
[EventCountry "ENG"]
[SourceDate "2008.10.04"]

1. e4 Nf6 2. e5 Nd5 3. d4 d6 4. Nf3 Bg4 5. exd6 exd6 6. c4 Nb6 7. Nc3 Be7 8.
Be2 Nc6 9. b3 a5 10. O-O O-O 11. Bb2 g6 12. h3 Bxf3 13. Bxf3 Bf6 14. Ne4 Bg7
15. Ng3 f5 16. Re1 Qf6 17. d5 Ne5 18. Kh1 Qh4 19. Qd4 Qxd4 20. Bxd4 Nbd7 21.
Bd1 Nd3 22. Bxg7 Kxg7 23. Re7+ Rf7 24. Rxf7+ Kxf7 25. Bc2 Nb4 26. Bd1 Nc5 27.
a3 Nbd3 28. Ra2 Re8 29. Kh2 Nc1 30. Rc2 N1xb3 31. Rb2 a4 0-1

[Event "4NCL/Div3/WOB vs. OXF3"]
[Site "Hinckley Island ENG"]
[Date "2009.03.22"]
[Round "8.4"]
[White "Corcoran, Gary"]
[Black "Davies, Matthew"]
[Result "0-1"]
[WhiteElo "1840"]
[BlackElo "1943"]
[PlyCount "62"]
[EventDate "2009.03.22"]
[EventCountry "ENG"]
[SourceDate "2008.10.04"]

1. e4 e6 2. d4 d5 3. c4 dxe4 4. Nc3 Nf6 5. g4 h6 6. g5 hxg5 7. Bxg5 Be7 8. Bg2
Nc6 9. Nge2 e5 10. d5 Nb4 11. Nxe4 Nxe4 12. Bxe7 Qxe7 13. Bxe4 f5 14. Bg2 a5
15. a3 Na6 16. Qa4+ Bd7 17. Qxa5 Qg5 18. Rg1 Rxh2 19. Bf3 Qh4 20. Ng3 O-O-O 21.
d6 Qxc4 22. dxc7 Qxc7 23. Qd2 Bc6 24. Qg5 Bxf3 25. Qxf5+ Qd7 26. Qxf3 Qd2+ 27.
Kf1 Qxb2 28. Qf5+ Kb8 29. Rb1 Qxa3 30. Qxe5+ Ka8 31. Qxg7 Qd3+ 0-1

[Event "4NCL/Div3/WOB vs. OXF3"]
[Site "Hinckley Island ENG"]
[Date "2009.03.22"]
[Round "8.5"]
[White "Jones, Jeremy J"]
[Black "Henbest, Kevin B"]
[Result "1/2-1/2"]
[WhiteElo "1635"]
[BlackElo "1795"]
[PlyCount "70"]
[EventDate "2009.03.22"]
[EventCountry "ENG"]
[SourceDate "2008.10.04"]

1. d4 Nf6 2. c4 g6 3. Nc3 Bg7 4. e4 d6 5. Nge2 O-O 6. Ng3 Nbd7 7. Be2 e5 8. d5
a5 9. h4 h5 10. Bg5 Qe8 11. Nb5 Qd8 12. Bxh5 Nc5 13. Bf3 c6 14. Nc3 Qb6 15. b3
Qc7 16. h5 Nh7 17. Be3 Nd7 18. hxg6 fxg6 19. Qd2 Ndf6 20. Bh6 Rf7 21. Bxg7 Rxg7
22. Rd1 c5 23. Ke2 Qe7 24. Rdg1 Bd7 25. Nf1 Rb8 26. a4 Rf8 27. Ne3 Qf7 28. Kd3
Ne8 29. Ng4 Bxg4 30. Bxg4 Qxf2 31. Be6+ Kh8 32. Qxf2 Rxf2 33. Rf1 Rxf1 34. Rxf1
Nc7 35. Bg4 Kg8 1/2-1/2

[Event "4NCL/Div3/WOB vs. OXF3"]
[Site "Hinckley Island ENG"]
[Date "2009.03.22"]
[Round "8.6"]
[White "Foster, Chantelle"]
[Black "Smith, Steve"]
[Result "1/2-1/2"]
[WhiteElo "1600"]
[BlackElo "1638"]
[PlyCount "83"]
[EventDate "2009.03.22"]
[EventCountry "ENG"]
[SourceDate "2008.10.04"]

1. e4 e5 2. Nf3 Nc6 3. Bc4 Bc5 4. c3 Nf6 5. d3 d6 6. Nbd2 a6 7. Bb3 O-O 8. h3
Ne7 9. O-O Ng6 10. Nc4 h6 11. Ne3 Nh7 12. Re1 Kh8 13. d4 exd4 14. cxd4 Ba7 15.
Nd5 Be6 16. Nf4 Nxf4 17. Bxf4 Qf6 18. Be3 Qg6 19. Bxe6 fxe6 20. e5 d5 21. Nh4
Qf7 22. Qg4 g5 23. Nf3 Qf5 24. Qxf5 Rxf5 25. Rac1 c6 26. Red1 Nf8 27. Nd2 Ng6
28. g3 Nf8 29. Nb3 Bb6 30. a4 Nd7 31. Nc5 Bxc5 32. dxc5 Rxe5 33. Bd4 Kh7 34.
Bxe5 Nxe5 35. Kg2 Nd7 36. a5 Rf8 37. Re1 e5 38. b4 e4 39. Rcd1 Ne5 40. Re2 Nf3
41. Re3 Kg6 42. g4 1/2-1/2